LEADER 01186nam--2200373---450- 001 990002827710203316 005 20061019112808.0 010 $a3-527-29829-0 035 $a000282771 035 $aUSA01000282771 035 $a(ALEPH)000282771USA01 035 $a000282771 100 $a20061019d2004----km-y0itay50------ba 101 $aeng 102 $aUS 105 $aa---||||001yy 200 1 $a<> art of scientific writing$efrom student reports to professional publications in chemistry and related fields$fHans F. Ebel,Claus Bliefert,William E. Russey 205 $a2nd, completely rev. ed. 210 $aWeinheim$cWiley-VCH$d2004 215 $aXII,595 p.$cill.$d25 cm 606 0 $aChimica$xTesti$xCompilazione 676 $a808.066 54 700 1$aEBEL,$bHans F.$065784 701 1$aBLIEFERT,$bClaus$065785 701 1$aRUSSEY,$bWilliam E.$065786 801 0$aIT$bsalbc$gISBD 912 $a990002827710203316 951 $a808.066 54 EBE$b33285 CBS$c808.066 54 959 $aBK 969 $aSCI 979 $aANGELA$b90$c20061019$lUSA01$h1128 979 $aPATRY$b90$c20071019$lUSA01$h0916 996 $aArt of scientific writing$9378138 997 $aUNISA LEADER 00921cam0 2200277 450 001 E600200042238 005 20210608060220.0 010 $a884203360X 100 $a20081121d1989 |||||ita|0103 ba 101 $aita 102 $aIT 200 1 $a<>sindacato nell'Italia del benessere$fSergio Turone 210 $aRoma$aBari$cLaterza$d1989 215 $a224 p.$d21 cm 225 2 $aLibri del tempo Laterza$v215 410 1$1001LAEC00016478$12001 $a*Libri del tempo Laterza$v215 700 1$aTurone$b, Sergio$3A600200050696$4070$0120501 801 0$aIT$bUNISOB$c20210608$gRICA 850 $aUNISOB 852 $aUNISOB$j320$m55018 912 $aE600200042238 940 $aM 102 Monografia moderna SBN 941 $aM 957 $a320$b001264$gSi$d55018$racquisto$1pregresso2$2UNISOB$3UNISOB$420081121104928.0$520200107115831.0$6Spinosa 996 $aSindacato nell'Italia del benessere$9198232 997 $aUNISOB